[Event "Excelsior Cup"]
[Site "Gothenburg"]
[Date "2002.01.08"]
[Round "1"]
[White "Sammalvuo, Tapani"]
[Black "Marin, Mihail"]
[Result "0-1"]
[WhiteElo "2433"]
[BlackElo "2551"]
[Annotator "Marin,M"]
[PlyCount "72"]
[EventDate "2002.01.08"]
[EventType "tourn"]
[EventRounds "9"]
[EventCountry "SWE"]
[EventCategory "9"]
[SourceTitle "EXT 2003"]
[Source "ChessBase"]
[SourceDate "2002.11.25"]
[SourceVersion "1"]
[SourceVersionDate "2002.11.25"]
[SourceQuality "1"]

1. Nf3 Nf6 2. c4 c5 3. Nc3 e6 4. g3 b6 5. Bg2 Bb7 6. O-O a6 7. Re1 Be7 8. e4 d6
9. d4 cxd4 10. Nxd4 Qc7 11. Be3 O-O 12. Rc1 Nbd7 13. f4 Rac8 14. g4 Nc5 15. Bf2
g6 16. f5 gxf5 17. gxf5 (17. exf5 Bxg2 18. Kxg2 Qb7+ 19. Kg1 Kh8 20. b4 (20. g5
) 20... Nxg4 21. bxc5 Nxf2 22. Kxf2 Bh4+ 23. Ke3 dxc5 24. Nf3 Bxe1 25. Qxe1 $17
) 17... e5 18. Nb3 $146 (18. Nc2) 18... Kh8 19. Bf3 Ne8 (19... Nxb3 20. axb3 (
20. Qxb3 Qxc4 21. Qxb6 (21. Qxc4 Rxc4 22. Bxb6 Rb4 $17) 21... Rg8+ 22. Kh1 Qd3
23. Qe3 Ng4 24. Bxg4 Qxe3 25. Rxe3 Rxg4) 20... b5 21. Nd5 $1 $14 (21. Qd2 Rg8+
22. Kh1 bxc4 23. bxc4 (23. Nb1 Qd7 24. bxc4 Qxf5) 23... Qxc4 24. Nd5 Nxe4 25.
Bxe4 Qxe4+ 26. Rxe4 Rxc1+ 27. Re1 (27. Be1 Rc5) (27. Qxc1 Bxd5 28. Qc2 Rg4 29.
Qc8+ Bf8 $3 $19) 27... Rc2 28. Qxc2 (28. Qd3 Rxf2) 28... Bxd5+ 29. Re4 Rg4 30.
Qc8+ Bf8 $3 31. Qxf8+ Rg8 $19) 21... Nxd5 22. cxd5 Qxc1 23. Qxc1 Rxc1 24. Rxc1
Rc8) 20. Nd5 (20. Be3 Rg8+ 21. Kh1 Bg5 $15) 20... Bxd5 21. Qxd5 Qd8 $1 $15 {
/\ Bh4} 22. Rc2 (22. Nxc5 bxc5) 22... Bh4 23. Bg3 b5 $1 (23... Bxg3 24. hxg3 b5
) 24. Rd1 (24. Bxe5+ dxe5) (24. Nxc5 Rxc5 25. Bxe5+ f6 $19 (25... dxe5 26. Qxc5
Rg8+ 27. Kf1 $8 Qd3+ $19)) (24. cxb5 Nc7 25. Qd2 Bxg3 26. hxg3 Nxb3 27. axb3
Nxb5 $17) 24... Bxg3 25. Nxc5 (25. hxg3 Qg5 26. Kh2 (26. Kg2 Rg8 $19 27. g4 Nf6
) (26. Rg2 Qe3+) (26. Kf2 Nf6 $19) 26... Rg8 27. Rg1 Qh6+ 28. Kg2 Nf6 29. Qxd6
Rxg3+ $1) 25... Bxh2+ (25... Rxc5 $2 26. Qxc5) (25... Qb6 26. b4 (26. hxg3 Rxc5
27. Qd2 d5 $5) 26... Bf4 27. Qb7 $1 Qc6 $1) 26. Kf1 (26. Kxh2 Rxc5 $19) (26.
Rxh2 Qg5+ 27. Kh1 Rxc5 $17) 26... Bf4 (26... Qg5 27. Nd7) 27. Nxa6 $138 Qb6 (
27... Qa5 28. Qb7 Rxc4) 28. Nb4 bxc4 29. a3 (29. Rxc4 Rg8 30. Nc2 Qg1+ 31. Ke2
Qh2+ 32. Kd3 Rxc4 33. Qxc4 Qf2 34. Ne1 d5 35. Qxd5 (35. exd5 Nd6 $19) 35... Nd6
$3 (35... Nf6) 36. Qxd6 Rc8 $19) 29... Rg8 30. Rg2 (30. Rf2 Qe3 31. Nc2 Qb3)
30... Qe3 31. Rxg8+ Kxg8 32. Bg2 (32. Kg2 Nf6 33. Qb7 (33. Qxd6 Nxe4 34. Bxe4
Qxe4+ $19) 33... Re8 34. Nd5 Nxd5 35. Qxd5 Kh8 36. Rf1 Rg8+ 37. Kh1 Rg1+ $1 38.
Rxg1 Qxf3+ 39. Rg2 Qf1+ 40. Rg1 Qh3#) 32... c3 $6 (32... Nf6 33. Qb7 (33. Qxd6
Ng4 $19) 33... Rf8 (33... Ng4 $4 34. Qxc8+ Kg7 35. f6+ $1 $18) 34. Nd5 Nxd5 35.
Qxd5 Bh2 36. Bh1 $17) (32... Bh2 $1 33. Bh1 c3 $19) 33. Nc2 (33. bxc3 Nf6 34.
Qb7 Rxc3 $19) 33... Qa7 34. b4 (34. bxc3 Rxc3 35. Ne1 Nf6 $19 36. Qxd6 Ng4 37.
Qd8+ Kg7 38. f6+ Kh6 39. Qf8+ Kh5) 34... Nf6 35. Qd3 $6 (35. Qa5 $17) 35... Ng4
36. Qe2 Nh2+ 0-1

[Event "Bucharest"]
[Site "Bucharest"]
[Date "1996.??.??"]
[Round "?"]
[White "Marin, Mihail"]
[Black "Ionescu, Constantin"]
[Result "0-1"]
[WhiteElo "2545"]
[BlackElo "2525"]
[Annotator "Marin,M"]
[PlyCount "66"]
[EventDate "1996.??.??"]
[EventType "tourn"]
[EventRounds "15"]
[EventCountry "ROU"]
[EventCategory "9"]
[SourceTitle "EXT 1999"]
[Source "ChessBase"]
[SourceDate "1998.11.16"]
[SourceVersion "1"]
[SourceVersionDate "1998.11.16"]
[SourceQuality "1"]

1. g3 c5 2. c4 Nf6 3. Bg2 e6 4. Nf3 a6 5. Nc3 b6 6. d4 cxd4 7. Nxd4 Ra7 8. O-O
Bb7 $44 (8... Be7) 9. e4 d6 10. Be3 Nbd7 11. f4 Qa8 (11... Be7 12. f5 e5 13.
Nc2 $16) 12. f5 e5 13. Ne6 $3 (13. Nc2 $5 Nxe4 14. Nd5 Bxd5 $8 15. cxd5 Nef6
16. Nb4 a5 17. Nc6 Rc7 18. Rc1 Nc5 19. g4 h6 20. h4 e4 21. g5 hxg5 22. hxg5
Nxd5) 13... fxe6 14. fxe6 Nc5 (14... Nb8 $2 15. Rxf6 gxf6 16. Qh5+ Kd8 17.
Bxb6+ $18) 15. Rxf6 $1 gxf6 16. Qh5+ Kd8 17. b4 (17. Qf7 $6 Be7 18. b4 Rf8 19.
Qxh7 Nxe6 $13) 17... Bc6 (17... Nxe6 18. Qf7 $18) 18. bxc5 bxc5 19. Rd1 $44 Kc8
20. Bh3 (20. Nd5 $6 Qb7 $132 21. Nxf6 Be7 22. Nd7 Qb2) 20... Be7 $8 21. Qf7 Rc7
22. Bf5 Kb7 23. Bh6 Ka7 24. Bg7 $2 (24. Nd5 Bxd5 25. exd5 Rb7 (25... Qg8 26.
Kg2 Bd8 27. Qh5 $14) 26. Rb1 $1 Rxb1+ 27. Bxb1 Qb7 28. Bf5 $44) 24... Be8 25.
Nd5 (25. Qxe7 Rxe7 26. Bxh8 Bh5 27. Bxf6 Rxe6 28. Bxe6 Bxd1 29. Nxd1 Qxe4 30.
Nf2 Qg6 $19) 25... Bxf7 (25... Rb7 26. Qxe7 Rxe7 27. Bxh8 $16) 26. Nxc7 Qg8 $1
(26... Qb8 27. Bxh8 Bh5 28. g4 $1) 27. Bxh8 Bh5 28. Bxf6 (28. g4 Bxg4) 28...
Bxf6 29. Rxd6 Qg5 30. Nd5 Qc1+ 31. Kg2 Qd2+ 32. Kh3 Bf3 33. Rd7+ Kb8 0-1

[Event "Excelsior Cup"]
[Site "Gothenburg"]
[Date "2001.??.??"]
[Round "2"]
[White "Marin, Mihail"]
[Black "Bellon Lopez, Juan Manuel"]
[Result "1-0"]
[WhiteElo "2604"]
[BlackElo "2430"]
[Annotator "Marin,M"]
[PlyCount "133"]
[EventDate "2001.01.08"]
[EventType "tourn"]
[EventRounds "9"]
[EventCountry "SWE"]
[EventCategory "7"]
[SourceTitle "CBM 081"]
[Source "ChessBase"]
[SourceDate "2001.03.20"]
[SourceVersion "1"]
[SourceVersionDate "2001.03.20"]
[SourceQuality "1"]

1. c4 c5 2. Nf3 Nc6 3. d4 cxd4 4. Nxd4 e5 5. Nb5 h6 (5... d6 6. g3 (6. N1c3
$142 {/\Nd5} a6 $8 7. Na3) 6... Be6 7. N1a3 Be7 (7... d5 $142 $1 8. cxd5 Bb4+)
8. Bg2 Nf6 9. O-O O-O 10. Bg5 Ne8 11. Be3 Nf6 12. Nc3 Qd7 13. Nd5 Rfc8 14. Qd2
Ng4 15. Nc2 Nxe3 16. Qxe3 Bxd5 17. Bxd5 Bd8 18. Qd3 Bb6 19. e3 Rf8 20. Rad1
Rad8 21. Na3 Kh8 22. Nb5 f5 23. Bg2 f4 (23... e4 $142 $14) 24. Qe4 fxe3 25.
fxe3 Bc5 26. a3 a5 27. Nc3 Qe6 28. Nd5 Ne7 29. b4 Ba7 (29... Nxd5 30. cxd5 $18)
30. Bh3 Bxe3+ (30... Qxh3 $142 31. Nxe7 $16) 31. Kg2 {1-0 Marin,M-Lupu,S
Andorrra 1995}) 6. N1c3 Nf6 7. g3 d6 8. Bg2 a6 9. Na3 Be7 10. O-O O-O 11. Be3
Bf5 (11... Be6) 12. Qd2 Ng4 13. Nd5 Nxe3 14. Nxe3 Be6 15. Nd5 Bxd5 (15... Kh8 {
(/\f5)} 16. Rad1 {><d6}) 16. Bxd5 Qb6 (16... Kh8 17. Nb1 f5 18. Nc3 e4 19. f3
$16) 17. Nb1 (17. Nc2 {Bellon} Kh8 (17... Qxb2 $4 18. Rfb1 $18) 18. Ne3 Bg5 $1)
17... Qd4 18. Rd1 Rac8 19. Nc3 Qxd2 20. Rxd2 Na5 $6 {פa5} 21. b3 b5 $1 22. Rc2
$1 bxc4 (22... b4 $16) 23. Ne4 $2 (23. b4 Nc6 (23... Nb3 24. axb3 cxb3 {Bellon}
25. Bxb3 $18) 24. Bxc6 Rxc6 25. Nd5 Bf6 $8 (25... Bd8 26. Rac1 $16) 26. e4 $16)
23... Rb8 $1 (23... cxb3 24. Rxc8 Rxc8 25. axb3 Nc6 (25... Bd8 26. Nxd6 Rc7 27.
Nxf7 Rxf7 28. b4 $18) 26. Nxd6 Bxd6 27. Rxa6 Nd4 28. Rxd6 Nxe2+ 29. Kg2 Nc3 30.
Bc4 $16) 24. bxc4 Rfc8 25. Rd1 $15 Kf8 {/\f5} 26. Rd3 Nc6 (26... f5 $2 27. Rf3
g6 28. g4 $16 {><e4}) 27. Bxc6 Rxc6 28. Rcd2 Rbb6 $6 (28... Rxc4 $15 29. Nxd6
Ra4 30. Nf5 g6 $1 31. Nxe7 Kxe7 32. Rd5 Ke6 33. Rc5 $11) 29. Rb3 $1 f5 30. Nc3
Rxb3 31. axb3 Rb6 32. Nd5 Rxb3 33. Ra2 Rb8 (33... Rb1+ 34. Kg2 Rc1 $2 35. Rxa6
$16 Rxc4 36. Ra8+ Kf7 37. Ra7 $18) (33... Rb7 $142 $1 34. Rxa6 g6 35. h4 h5 $11
) 34. Rxa6 Rc8 (34... Rb7 $142) 35. Kg2 $16 Ke8 36. h4 (36. Ra7) 36... h5 (
36... Rxc4 37. Ne3 Re4 38. Nxf5 $16 Rxe2 39. Ra8+ Bd8 40. Nxd6+ Kd7 41. Kf3 Rc2
42. Ne4 $16) 37. Ra7 Bf8 (37... Bf6 38. Ne3 g6 (38... f4 39. Nf5) 39. Nd5 Bd8
40. Rg7 Rxc4 41. Rxg6 $16) 38. Ne3 f4 $6 (38... g6 39. Nd5 Rxc4 40. Nf6+ Kd8
41. Rf7 Be7 $1 (41... Bh6 42. Rd7+ Kc8 43. Rxd6 $16) 42. Nd5 Rc5 $1 43. Nxe7
Rc7 44. Rg7 Rxe7 45. Rxg6 $16) 39. gxf4 exf4 40. Nd5 Rxc4 41. Kf3 $16 Rc2 (
41... Rd4 $4 42. Nc7+ $18) (41... Rc5 $4 42. Nc7+ $18) 42. Nxf4 d5 (42... Rc5
43. Ng6 Rc8 $8 44. Ke4 $18) (42... Be7 43. Nxh5 g6 44. Nf4 (44. Ng7+ Kf7 45. h5
Kxg7 46. Rxe7+ Kf6 47. Rd7 Ke6 $14) 44... Bxh4 45. Nxg6 $16) 43. Nxh5 Rc3+ 44.
e3 (44. Kg2 Rc4) 44... d4 (44... Rc4 45. Nf4 d4 46. exd4 Rxd4 47. Ra8+ Rd8 (
47... Kf7 48. Rxf8+ Kxf8 49. Ne6+) 48. Rxd8+ Kxd8 49. Ne6+ Ke7 50. Nxf8 Kxf8
51. Kg4 Kf7 52. Kg5 Kf8 (52... g6 53. h5 gxh5 54. Kxh5 Kf6 55. Kg4 Kg6 56. f3
$18) 53. Kg6 Kg8 54. h5 Kf8 55. h6 Kg8 56. Kg5 $18) 45. Nxg7+ Bxg7 46. Rxg7
dxe3 47. fxe3 $18 {The endgame is winning but some accuracy is required from
white.} Kf8 48. Rg5 (48. Rg1 $142 Kf7 49. h5 Rc2 50. Rh1 Kg7 51. h6+ Kh7 52.
Kf4 $18 {Even later, white should have switched to this plan.}) 48... Kf7 49.
Kf4 Rc1 50. Rf5+ Ke6 51. Ra5 (51. e4 Rf1+ 52. Kg5 Rg1+ 53. Kh5 Re1) 51... Rf1+
52. Ke4 Rh1 53. h5 Rh4+ 54. Kd3 Kf7 55. e4 Rh3+ (55... Rh1 $142 56. Kd4 Ke7 $14
{I don't see how white could win:} 57. Ra7+ Kf8 (57... Ke6 58. h6) 58. Rh7 Kg8
59. Rh6 Kg7 60. Rg6+ Kf7 61. Rg5 Kf6 62. Rf5+ Ke6 63. Ke3 Rh3+ 64. Kf4 Rh4+)
56. Kd4 Rh1 $2 (56... Ke7 $8) 57. e5 $1 $18 Ke7 (57... Rxh5 58. e6+) (57...
Rh4+ 58. Kd5 Rxh5 59. Ra7+ Kg6 60. Kd6 {as in the game}) 58. Ra7+ Kf8 (58...
Ke6 59. Ra6+ Kf5 60. Rf6+ Kg5 61. h6 $18) 59. Kd5 Rxh5 60. Kd6 Rh1 61. Ra8+ Kg7
(61... Kf7 62. e6+ Kf6 63. Rf8+ {/\e7}) 62. e6 Rd1+ 63. Ke7 Rb1 64. Kd7 Rd1+ (
64... Kf6 65. Rf8+ Kg6 66. e7 $18) (64... Rb7+ 65. Kc6 Re7 66. Kd6 $18) 65. Ke8
Re1 (65... Rh1 66. Ra2) (65... Kf6 66. e7 Re1 67. Ra6+) 66. e7 Rd1 67. Ra4 1-0

[Event "Benasque op 28th"]
[Site "Benasque"]
[Date "2008.07.08"]
[Round "6"]
[White "Marin, Mihail"]
[Black "Kovacevic, Slobodan"]
[Result "1/2-1/2"]
[WhiteElo "2553"]
[BlackElo "2417"]
[Annotator "Marin,M"]
[PlyCount "99"]
[EventDate "2008.07.03"]
[EventType "swiss"]
[EventRounds "10"]
[EventCountry "ESP"]
[SourceTitle "CBM 125"]
[Source "ChessBase"]
[SourceDate "2008.07.30"]
[SourceVersion "1"]
[SourceVersionDate "2008.07.30"]
[SourceQuality "1"]

1. c4 c5 2. Nf3 Nf6 3. Nc3 e6 4. g3 b6 5. Bg2 Bb7 6. O-O Be7 7. Re1 d6 8. e4 a6
9. d4 cxd4 10. Nxd4 Qc7 11. Be3 Nbd7 12. Rc1 {A very aggressive setup, which,
about 10 years ago, was supposed to refute the English Hedgehog. White has
excellent development and can combine the threats f5, g4 and, sometimes, e5 in
order to obtain a strong initiative. However, if Black manages to find
adequate answers against all these threats, White's position may easily lose
flexibility, leaving him overextended and exposed to Black's counter-blows ...
e5, ...d5 or ...b5.} Rc8 13. f4 Qb8 ({Personally, I prefer} 13... O-O {. In
practice, I have managed to defend Black's point of view rather successfully.}
14. g4 (14. f5 e5 15. Nb3 (15. Nd5 {looks very active, but allows Black to
obtain immediate counterplay after} Qd8 16. Nb3 b5 $132 17. cxb5 Rxc1 18. Nxe7+
Qxe7 19. Bxc1 axb5 20. Qd3 Rb8 21. Rd1 d5 22. Qxb5 d4 23. Qe2 Qd6 24. g4 Ba6
$44 {[%csl Ga2,Gb2,Ge4] Danielian, E (2415)-Marin,M (2530)/Moscow Aeroflot
2005 (0-1, 40)}) 15... Qb8 16. Qe2 Rc7 17. g4 h6 18. Bf3 Qd8 19. Nd2 {1/2-1/2
Wessman,R (2425)-Marin,M (2551)/Gothenburg 2002/EXT 2003}) 14... Nc5 15. Bf2 g6
16. f5 gxf5 17. gxf5 e5 18. Nc2 (18. Nb3 {Sammalvuo,T (2433)-Marin,M (2551)/
Gothenburg 2002/EXT 2003/[Marin,M] (0-1, 36)}) 18... Kh8 19. Kh1 Rg8 20. Bf3 b5
$1 21. Nd5 Nxd5 {1/2-1/2 Epishin,V (2657)-Marin,M (2548)/Koszalin 1999/CBM 073}
) 14. Qe2 Nc5 $5 ({I had nice memories of} 14... Qa8 15. Bf2 O-O 16. f5 exf5
17. Nxf5 Rfe8 18. Rcd1 Ne5 $6 (18... Qb8 $14) 19. Nxe7+ Rxe7 20. Rxd6 Nxc4 21.
Rxf6 gxf6 22. Qg4+ Kh8 23. Qh4 Re6 24. Bd4 Ne5 25. Rf1 Rg8 {Marin,M (2531)
-Gavrikov,V (2565)/Gothenburg 2004/CBM 099 (1/2-1/2, 34)} 26. Rxf6 $1 $16 {
(>< Ne5)} Qd8 27. Nd5 Rg4 (27... Bxd5 28. Rxe6 $1 Qxh4 29. Bxe5+ f6 30. Bxf6+
Qxf6 31. Rxf6 Bxa2 32. Rxb6 $18) 28. Rxe6 (28. Qh6 $16) 28... Rxh4 29. Rxe5 f6
$8 30. Rf5 $1 $18) 15. Bf2 O-O {I had never came across this move order and
thought for a long time before making my move.} 16. g4 {I am not sure that
this is the best continuation. White opens his position too much.} ({I was
afraid that after} 16. Bf3 g6 $1 {[%cal Gf8e8,Ge7f8,Ge6e5] I would run short
of active plans, for instance} 17. g4 e5 $1) ({Maybe a simpler solution
consisted of} 16. f5 e5 17. Nb3 $1 $14 {and White's advantage in space and the
control over the d5-square offer him a long term plus.} (17. Nc2 b5 18. cxb5
axb5 19. Qxb5 Qa8)) 16... g6 ({After the game, Slobodan mentioned the
possibility} 16... d5 $5 17. cxd5 ({I would prefer} 17. exd5 Qxf4 18. Rcd1 Qxg4
19. Bg3 Qxe2 20. Rxe2 $44 {[%cal Gb2b4] with tremendous compensation for the
pawn.}) 17... Qxf4 18. h3 (18. d6 $5 Bd8 19. Bf3 h5) 18... Rfd8 (18... b5 $5) (
18... h5 $5) 19. Rcd1 h5 20. dxe6 fxe6 21. b4 Qe5 22. g5 $1 $16 {Podzielny,K 
(2477)-Gofshtein,L (2518)/Recklinghausen 2001/CBM 083 ext (1-0, 29). I should
mention that in this game a different move order had been played.}) 17. f5 (17.
Bg3 $5) 17... exf5 $1 (17... e5 18. Nb3 $1 {/\Bf3} Nxb3 19. axb3 Bc6 20. Bf3
Nd7 21. Be3 Nc5 22. Qd1 $14 gxf5 23. exf5 $1 Bxf3 24. Qxf3 Nxb3 25. Nd5 $16) (
17... gxf5 18. exf5 Bxg2 19. Kxg2 Qb7+ 20. Kh3 $40) 18. exf5 $1 (18. Nd5 Nxd5
19. exd5 Bg5 $15) (18. gxf5 Rce8 $132 {[%csl Ge4]}) 18... Bxg2 {This exchange
was not necessary.} (18... Rfe8 19. Bxb7 Qxb7 20. g5 Bf8 {transposes below and
is more restrictive.}) 19. Kxg2 Qa8+ $2 {Not a good square for the queen,
because it leaves the b6-pawn vulnerable.} (19... Qb7+ 20. Kg1 Rfe8 21. g5 Bf8
22. Be3 Nfe4 23. Nd5 b5 $132 24. b3 $8 {White maintains his advantage in space,
but the position remains shaky.}) 20. Qf3 {A risky experiment.} (20. Kg1 $5
Rfe8 21. g5 Bf8 22. Be3 Nfe4 23. Nd5 $16 {[%csl Gb6]}) 20... Rfe8 $2 {My
opponent "believed" me.} (20... Qxf3+ {should have been played anyway.} 21.
Kxf3 Nd3 22. Rxe7 Nxc1 23. Bh4 Ne8 (23... Nxg4 24. Kxg4 Rxc4 25. Bf6) (23...
Kg7 24. Ne6+) (23... Rfe8 24. Bxf6) 24. b3 $44 {White has achived a dominating
position, but he has no pawn for the exchange yet.}) 21. Qxa8 Rxa8 22. g5 $2 (
22. Bh4 $1 Ncd7 ({I rejected this line because of} 22... Nd5 23. Bxe7 Nxe7 24.
f6 {(+-), failing to notice that the knight has no squares.}) 23. g5 Ng4 24.
Nd5 Bf8 25. Bg3 $18) 22... Ng4 23. f6 Bf8 $132 (23... Nd3 24. fxe7 Ngxf2 25.
Re3 $1 $16) (23... Nxf2 24. Rxe7 $1 $16) 24. Rxe8 Rxe8 25. Rd1 (25. Rc2 $2 Nd3
$19) (25. Re1 Rxe1 26. Bxe1 Nd3 $17) 25... h6 26. h4 Nxf2 (26... Ne4 27. Nxe4
Rxe4 28. Bg3 Ne3+ $6 29. Kf3 Nxd1 30. Kxe4 Nxb2 31. Kd5 $16) 27. Kxf2 Ne4+ 28.
Nxe4 Rxe4 29. Kg3 {If White could manage to consolidate and leave the
f8-bishop permanently out of play, he would achieve a winning position.} d5 $1
{A well timed freeing move. In mutual never-ending time trouble, my opponent
will manage to hold a draw.} (29... Kh7 30. Rd3 $16 {/\b3, Nf3, etc.}) 30. Nf3
$1 (30. cxd5 Bd6+ 31. Kh3 Re3+ 32. Kg2 (32. Kg4 $2 h5#) 32... hxg5 33. hxg5
Rg3+ $17) 30... hxg5 (30... dxc4 $2 31. Rd8 h5 $8 (31... hxg5 $2 32. hxg5 b5 (
32... Re2 33. Kf4 Rxb2 34. Ne5 $18) 33. Nh2) 32. Nd4 c3 33. bxc3 (33. Nc6 cxb2
34. Ne7+ Kh7 35. Rxf8 Re3+ (35... b1=Q 36. Rxf7+ Kh8 37. Nxg6+ Kg8 38. Rg7#)
36. Kf4 b1=Q $11) 33... Re3+ 34. Kf4 $44) 31. hxg5 Bd6+ 32. Kg2 (32. Kh3 Re3)
32... Re2+ (32... Rg4+ 33. Kf1 Rf4 34. Rxd5) 33. Kh1 (33. Kf1 Rxb2 34. Rxd5 Bg3
) 33... Rxb2 34. Rxd5 Rf2 $1 (34... Bc5 35. Rd8+ Kh7 36. Ne5 $18) 35. Rxd6 Rxf3
36. Rd8+ (36. Rxb6 Rf5 (36... Rh3+ 37. Kg2 Rh5 38. Rxa6 Rxg5+ 39. Kf3) 37. Rb8+
Kh7 38. Rf8 Rxg5 39. Rxf7+ Kg8 40. Rc7 Rf5) 36... Kh7 37. Rf8 Rh3+ $1 (37...
Rf5 38. Rxf7+ Kh8 39. Rb7 $18) 38. Kg2 Rh5 39. Rxf7+ Kh8 40. Rb7 (40. Rf8+ $5
Kh7 41. Ra8 Rxg5+ 42. Kh3 Rf5 43. Rxa6 g5 $1 44. Rxb6 Kg6) (40. Ra7 Rxg5+ 41.
Kh3 Kg8 42. Rxa6 Rc5) 40... Rxg5+ 41. Kh3 Kg8 42. Rxb6 Ra5 43. Rb7 Rxa2 44. Kg4
Ra5 45. Rc7 Rf5 46. Rg7+ Kf8 47. Rxg6 Rc5 48. Rg7 Rxc4+ 49. Kf5 Rc1 50. Ra7
1/2-1/2

[Event "Andorra op 14th"]
[Site "Andorra"]
[Date "1996.??.??"]
[Round "2"]
[White "Marin, Mihail"]
[Black "Gamundi Salamanca, Antonio"]
[Result "0-1"]
[WhiteElo "2530"]
[BlackElo "2395"]
[Annotator "Marin,M"]
[PlyCount "80"]
[EventDate "1996.06.??"]
[EventType "swiss"]
[EventRounds "9"]
[EventCountry "AND"]
[SourceTitle "CBM 054 Extra"]
[Source "ChessBase"]
[SourceDate "1996.11.01"]
[SourceVersion "1"]
[SourceVersionDate "1996.11.01"]
[SourceQuality "1"]

1. Nf3 c5 2. c4 Nf6 3. Nc3 e6 4. g3 b6 5. Bg2 Bb7 6. O-O a6 7. Re1 Be7 8. e4 d6
9. d4 cxd4 10. Nxd4 Qc7 11. Be3 Nbd7 12. Rc1 O-O 13. f4 Rac8 $1 {(Suba)} (13...
Rfe8 14. g4) 14. g4 g6 $1 15. g5 (15. Bf3 e5 16. Nd5 Qd8) 15... Nh5 16. f5 (16.
Bf3 Nxf4 17. Bxf4 e5 18. Nd5 Qd8 19. Nxe7+ Qxe7 20. Nf5 gxf5 21. exf5 $13)
16... exf5 17. Nd5 (17. exf5 Bxg2 18. Kxg2 Qxc4) 17... Qd8 18. Nxe7+ (18. Nxf5
Bxg5 19. Bxg5 Qxg5 20. Nfe7+ Kg7 21. Nxc8 Rxc8 $44) 18... Qxe7 19. Nxf5 gxf5
20. Qxh5 Bxe4 21. Bd4 $44 Qe6 $5 22. Rxe4 $1 fxe4 23. Bh3 Rxc4 $8 (23... Qe7
24. Bf5 f6 25. Qg4 $1 $18) 24. Rd1 $4 (24. Bxe6 Rxc1+ 25. Kg2 fxe6 26. g6 $8
Rc2+ $10) 24... Qd5 25. Be3 Qb5 $19 (25... Qc6 26. Bf5) 26. Bf1 Qc6 27. Qh6 Ne5
28. Rxd6 Qc8 29. Be2 Ng4 30. Qh3 Nxe3 31. Qxe3 Qc5 32. Qxc5 Rxc5 33. Rxb6 Rxg5+
34. Kf2 a5 35. b3 Re8 36. Ke3 Re7 37. Ra6 Kg7 38. h4 Rc5 39. h5 h6 40. Bg4 Rc3+
0-1

[Event "Andorra op 14th"]
[Site "Andorra"]
[Date "1996.??.??"]
[Round "7"]
[White "Marin, Mihail"]
[Black "Lupu, Mircea Sergiu"]
[Result "1-0"]
[WhiteElo "2530"]
[BlackElo "2480"]
[Annotator "Marin,M"]
[PlyCount "61"]
[EventDate "1996.06.??"]
[EventType "swiss"]
[EventRounds "9"]
[EventCountry "AND"]
[SourceTitle "CBM 054 Extra"]
[Source "ChessBase"]
[SourceDate "1996.11.01"]
[SourceVersion "1"]
[SourceVersionDate "1996.11.01"]
[SourceQuality "1"]

1. Nf3 c5 2. c4 Nc6 3. d4 cxd4 4. Nxd4 e5 5. Nb5 d6 6. g3 (6. N1c3 $142 a6 (
6... Be6 7. Nd5) 7. Na3 Be6 8. g3 $14) 6... Be6 7. N1a3 Be7 (7... d5 $1 8. cxd5
Bb4+ (8... Bxd5 9. Qxd5 Bb4+ 10. Bd2) 9. Bd2 Bxd5 10. e4 Be6 11. Bxb4 Nxb4 $13)
8. Bg2 Nf6 9. O-O O-O 10. Bg5 Ne8 11. Be3 Nf6 12. Nc3 Qd7 13. Nd5 Rfc8 (13...
Bxd5 14. cxd5 $16) 14. Qd2 Ng4 15. Nc2 {(><d4)} Nxe3 16. Qxe3 Bxd5 17. Bxd5 Bd8
18. Qd3 Bb6 19. e3 (19. Rad1 $142) 19... Rf8 $1 20. Rad1 Rad8 21. Na3 Kh8 22.
Nb5 f5 23. Bg2 $1 {(/\Nb5-c3-d5)} f4 $2 $138 (23... e4 $14) 24. Qe4 $16 fxe3
25. fxe3 Bc5 26. a3 a5 27. Nc3 Qe6 28. Nd5 Ne7 29. b4 Ba7 (29... Nxd5 30. cxd5
$18) 30. Bh3 Bxe3+ $2 (30... Qxh3 31. Nxe7 $16) 31. Kg2 1-0

[Event "Goodricke op 08th"]
[Site "Kolkata"]
[Date "1997.??.??"]
[Round "8"]
[White "Bischoff, Klaus"]
[Black "Marin, Mihail"]
[Result "0-1"]
[WhiteElo "2550"]
[BlackElo "2545"]
[Annotator "Marin,M"]
[PlyCount "68"]
[EventDate "1997.02.??"]
[EventType "swiss"]
[EventRounds "11"]
[EventCountry "IND"]
[SourceTitle "CBM 059"]
[Source "ChessBase"]
[SourceDate "1997.08.01"]
[SourceVersion "1"]
[SourceVersionDate "1997.08.01"]
[SourceQuality "1"]

1. c4 Nf6 2. Nc3 c5 3. g3 e6 4. Nf3 b6 5. Bg2 Bb7 6. O-O a6 7. b3 Be7 8. d4
cxd4 9. Qxd4 d6 10. Ba3 Nc6 11. Qf4 Qc7 12. Rfd1 Rd8 13. Rac1 Na7 14. e4 (14.
Ng5 Bxg2 15. Kxg2 O-O) 14... O-O 15. Qe3 Nc8 16. Nd4 Qb8 17. Qe2 Rfe8 18. Bb2 (
18. f4 Qa8 19. f5 e5 20. Nc2 b5 $1 $132) 18... Bf8 19. Rd2 Ne7 20. f4 Ng6 $6 (
20... Qa8 $142 $5 21. Rf1 Nc6 $5) 21. Rf1 $1 Qa8 22. Nc2 $2 (22. Kh1 $2 e5 $1
23. fxe5 dxe5 24. Nf3 (24. Nc2 Rxd2 25. Qxd2 Nxe4) 24... Nxe4) (22. Rdd1 $142
$1 $14 e5 $140 $6 23. fxe5 Rxe5 (23... dxe5 24. Nf5 $16) 24. Rxf6 $1 gxf6 25.
Nd5 $16) 22... d5 $1 {[#]} (22... b5 $6 23. cxb5 axb5 24. Qxb5 Ba6 (24... Nxe4
25. Bxe4 Bxe4 26. Nxe4 Qxe4 27. Re1 $14) 25. Qa5 Bxf1 26. Qxa8 Rxa8 27. Kxf1
$44) 23. e5 $6 (23. cxd5 exd5 24. e5 Bc5+ 25. Nd4 (25. Kh1 d4 26. Na4 d3 $1)
25... Ne4 26. Nxe4 dxe4 27. Kh1 Ne7 $36) 23... Bc5+ 24. Kh1 (24. Nd4 dxc4)
24... dxc4 (24... d4 25. Nxd4 $1) 25. Rxd8 Rxd8 26. Ne1 Ng4 $1 (26... Nd5 27.
Nxd5 Bxd5 28. bxc4 Bxg2+ 29. Nxg2 h5 $15) 27. Bc1 (27. Qxg4 Bxg2+ 28. Nxg2 Rd2
29. Qf3 Qxf3 30. Rxf3 cxb3 $1 $17) 27... cxb3 $1 28. axb3 (28. Qxg4 Bxg2+ 29.
Nxg2 b2 30. Bxb2 Rd2) 28... Bxg2+ 29. Nxg2 Nh6 30. Qe4 Qxe4 31. Nxe4 Nf5 32. g4
Nd4 33. Rd1 Be7 34. Rd3 Nxb3 0-1